| 000 | 01834nam a2200265Ia 4500 | ||
|---|---|---|---|
| 003 | Ost | ||
| 005 | 20260507075355.0 | ||
| 008 | 260507s9999||||xx |||||||||||||| ||und|| | ||
| 020 | _a40654196149 | ||
| 040 | _cfsecg | ||
| 041 | _aara | ||
| 082 | _a330 | ||
| 100 |
_aالخفيف، محمود _eمؤلف |
||
| 245 | 0 |
_aالسياسات الإقتصادية والتجارية في البلدان العربية : _bالتكامل والتشغيل والحد من الفقر / _c محمود الخفيف |
|
| 260 |
_aبيروت: _bالمؤسسة العربية للدراسات والنشر, _c2012 |
||
| 300 |
_a432 صفحة؛ _bإيضاحات ؛ _c24 سم |
||
| 504 | _aالملاحق ص.393 | ||
| 520 | _aتعزيز السياسات الإقتصادية والتجارية الموجهة للنمو على المستوى الإقليمي- بحث العلاقة بين التجارة والفقر حالة مصر- تأثير سياسات التجارة والإستثمار على التشغيل والفقر في الأردن- عملية التحرير الإقتصادي والتجاري في المغرب وآثارها- وضع سياسات الإقتصاد الكلي والتجارة تحت الإحتلال في الارض الفلسطينية- السياسة التجارية والإندماج الإقليمي والنمو الداعم للفقراء- التجارة العربية البيانات والنماذج والقضايا- استراتيجية تنموية للحد من الفقر والتكامل العربي | ||
| 653 | _aالبلدان العربية | ||
| 653 | _aالسياسة الإقتصادية | ||
| 653 | _aالسياسة التجارية | ||
| 700 |
_a راد، سحر تقديسي _eمؤلف ثانوي |
||
| 700 |
_aالأقرع، معتصم _eمؤلف ثانوي |
||
| 942 | _cكتاب | ||
| 999 |
_c44200 _d44200 |
||